01411nam a2200301 a 450000100060000000300080000600500170001400800410003103500190007204000430009104100080013408200240014211100780016624501160024426000390036030000350039949000340043450000520046850001560052065000310067665000370070771000760074471000720082083000430089294200120093599900170094795201450096443772BD-RjUL20211209053742.0160627s1962 nyua 100 0 eng d a(BD-RjUL)43890 aGATcGATdm.c.dm/cdRCDdBD-RjULbeng aeng 223a627.8bPRO 19622 aRegional Symposium on Dams and Reservoirsd(1961 :cTokyo, Japan)913453710aProceedings of the Regional Symposium on Dams and Reservoirs :bheld at Tokyo, Japan, 18 to 23 September 1961 / aNew York :bUnited Nations,c1962. aviii, 238 p. :bill. ;c29 cm.1 aFlood control series vno. 21 a"United Nations. [Document] ST/ECAFE/SER.F/21." aCosponsored by the United Nations Economic Commission for Asia and the Far East and the United Nations Bureau of Technical Assistance Operations (BTAO) 0aDams.vCongresses.9134538 0aReservoirs.vCongresses.91345392 aUnited Nations.bEconomic Commission for Asia and the Far East.91345402 aUnited Nations.bBureau of Technical Assistance Operations.9134541 0aFlood control series vno. 21.9134452 2ddccBK c43772d43772 00102ddc40708NFICaRUCLbRUCLcStackd1970-12-14eSwei & Zeittengersg28.00l0o627.8 PRO 1962r2016-06-27 00:00:00tC-2w2016-06-27yBK